| 000 | 01196nam a22002657a 4500 | ||
|---|---|---|---|
| 005 | 20170124102939.0 | ||
| 010 | _aA-456499 | ||
| 020 | _c150.00 | ||
| 035 | _aA-456499 | ||
| 037 | _bCen Lib/Ret | ||
| 040 |
_aDPL _bHN |
||
| 082 |
_a823.08 _bकल्लान |
||
| 100 |
_aकल्लान ,नन्दलाल _947713 |
||
| 245 |
_aव्यंग्यात्मक उपन्यास तथा रागदरबारी / _cनन्दलाल कल्ला |
||
| 246 |
_aVyangatmak upanyas tatha ragdarbari _bby Nandlal Kalla |
||
| 260 |
_aजोधपुर _bअमित प्रकाशन _c1990 |
||
| 270 |
_aकबूतरों का चौक _bजोधपुर _e342001 |
||
| 300 |
_a295पृष्ठ. _c20सेमी (सजिल्द) |
||
| 500 | _aसहायक ग्रन्थ सूची शामिल | ||
| 650 |
_aहिंदी साहित्य _947714 |
||
| 650 |
_aकथा साहित्य में व्यंग -विकास _947715 |
||
| 650 |
_ahindi literature _947716 |
||
| 650 |
_aSatire evolution in fiction _947717 |
||
| 942 |
_2ddc _cHN _h823.08 _mकल्लान |
||
| 999 |
_c112468 _d112468 |
||